000
00276nam a2200097Ia 4500
008
220204s9999 xx 000 0 und d
082
_a
354(058)
_b
DIR
245
0
_a
Directory central government officials 2000-01
260
_a
New Delhi
_b
Centre of Publications
_c
2000
942
_c
BK
999
_c
41772
_d
41772